| 000 | 01139cam a2200337 i 4500 | ||
|---|---|---|---|
| 001 | 6615 | ||
| 003 | KOSZ 005 | ||
| 005 | 20221202124158.0 | ||
| 008 | 970510s1994 pl a f f |000 0 pol | ||
| 015 | _aPB 1994/1059 | ||
| 020 | _a8320809487 | ||
| 040 |
_aWA N _cWA N _dKOSZ 005/HR |
||
| 046 | _k1994 | ||
| 080 | _a339.13 | ||
| 100 | 1 |
_aPluta-Olearnik, Mirosława _eAutor |
|
| 245 | 1 | 0 |
_aMarketing usług : _bidee, zastosowania / _cMirosława Pluta-Olearnik. |
| 250 | _aWyd. 2. | ||
| 260 |
_aWarszawa : _bPaństwowe Wydawnictwo Ekonomiczne, _c1994. |
||
| 300 |
_a127, [1] s. : _brys., 2 wykr. ; _c20 cm. |
||
| 336 |
_2rdacontent _aTekst _btxt |
||
| 337 |
_2rdamedia _aBez urządzenia pośredniczącego _bn |
||
| 338 |
_2rdacarrier _aWolumin _bnc |
||
| 504 | _aBibliogr. s. 127-[128]. | ||
| 650 | 4 | _aMarketing | |
| 650 | 4 | _aUsługi | |
| 655 | 4 | _aPodręczniki akademickie | |
| 658 | _aZarządzanie i marketing | ||
| 710 | 2 |
_aPaństwowe Wydawnictwo Ekonomiczne _4pbl. |
|
| 856 |
_uhttp://koha.tu.koszalin.pl/cgi-bin/koha/opac-detail.pl?biblionumber=6615 _yKatalog online BPK |
||
| 942 |
_2UKD _cKS |
||
| 999 |
_c6615 _d6615 |
||